[Event "Lynskak-DM 2024"]
[Site "Helsingor"]
[Date "2024.09.01"]
[Round "7.10"]
[White "Christensen, Janus"]
[Black "Hove, Esben Kjems"]
[Result "1-0"]
[WhiteElo "2143"]
[BlackElo "2160"]
[WhiteFideId "1408402"]
[BlackFideId "1401505"]
[EventDate "2024.09.01"]
[EventType "swiss"]
[EventRounds "13"]
[EventCountry "DEN"]
[SourceTitle "Live v. Kasper Jerwiarz"]

1. e4 c6 2. d4 d5 3. e5 Bf5 4. c4 dxc4 5. Bxc4 e6 6. Nc3 Nd7 7. Nf3 Nb6 8. Bd3 Bxd3 9. Qxd3 Ne7 10. Be3 Ned5 11. O-O Be7 12. Ne4 h6 13. Rac1 O-O 14. a3 a5 15. Nc5 Qc7 16. Nd2 Rad8 17. f4 Nd7 18. Nxd7 Qxd7 19. Nf3 Qc7 20. Bd2 Qb6 21. f5 exf5 22. Qxf5 c5 23. dxc5 Bxc5+ 24. Kh1 Be3 25. Rfe1 Bxd2 26. Nxd2 Qxb2 27. e6 fxe6 28. Qxe6+ Kh8 29. Nc4 Qf2 30. Ne5 Nf4 31. Qg4 Rd2 32. Rf1 Qxg2+ 33. Qxg2 Rxg2 34. Rxf4 Rxf4 35. Kxg2 Ra4 36. Rc3 b5 37. Nf7+ Kg8 38. Nd6 b4 39. Rc8+ Kh7 40. axb4 axb4 41. Rb8 Kg6 42. Rb6 Kg5 43. Ne4+ Kf4 44. Nc5 Ra2+ 45. Kh3 g5 46. Nd3+ Kf3 47. Rf6+ Ke4 48. Nxb4 Ra3+ 49. Kg4 Ra4 50. Nc6 Kd5+ 51. Kh5 Rh4+ 52. Kg6 Rxh2 53. Ne7+ Ke5 54. Nc6+ Ke4 55. Rf8 g4 56. Re8+ Kd5 57. Ne5 g3 58. Ng4 Rh1 59. Re2 h5 60. Kg5 h4 61. Rd2+ Ke4 62. Re2+ Kf3 63. Re3+ Kg2 64. Re2+ Kf1 65. Ra2 g2 66. Ne3+ Ke1 67. Nxg2+ Kd1 68. Ra1+ Ke2 69. Rxh1 1-0

[Event "Lynskak-DM 2024"]
[Site "Helsingor"]
[Date "2024.09.01"]
[Round "8.1"]
[White "Jacobsen, Mikkel Manosri"]
[Black "Bjerre, Jonas Buhl"]
[Result "0-1"]
[WhiteElo "2228"]
[BlackElo "2497"]
[WhiteFideId "1444514"]
[BlackFideId "1444948"]
[EventDate "2024.09.01"]
[EventType "swiss"]
[EventRounds "13"]
[EventCountry "DEN"]
[SourceTitle "Live v. Kasper Jerwiarz"]

1. c4 e5 2. g3 Nf6 3. Bg2 c6 4. Nf3 e4 5. Nd4 Qb6 6. Nb3 a5 7. d3 a4 8. N3d2 exd3 9. O-O d5 10. Nc3 a3 11. Rb1 d4 12. bxa3 Qa5 13. Nce4 Nxe4 14. Bxe4 dxe2 15. Qxe2 Be7 16. Re1 O-O 17. Nb3 Qd8 18. c5 Bf6 19. Bb2 Be6 20. Rbd1 Ra4 21. Bc2 Na6 22. h4 Rc4 23. Bd3 Ra4 24. Bc2 Nc7 25. Qe4 g6 26. Nxd4 Bd5 27. Qe3 Re8 28. Qd2 Rxe1+ 29. Rxe1 Ra8 30. Ba1 Qd7 31. Nb3 Bxa1 32. Nxa1 Rxa3 33. Bb3 Ra8 34. Nc2 Qh3 35. Bxd5 Nxd5 36. Ne3 Nf6 37. Qd4 Qe6 38. Nc2 Qf5 39. Ne3 Qf3 40. Qc4 Ne4 41. Re2 Rd8 42. Rb2 Nxg3 0-1

[Event "Lynskak-DM 2024"]
[Site "Helsingor"]
[Date "2024.09.01"]
[Round "8.2"]
[White "Thybo, Jesper Sondergaard"]
[Black "Jepson, Christian"]
[Result "1-0"]
[WhiteElo "2380"]
[BlackElo "2356"]
[WhiteFideId "1438832"]
[BlackFideId "1701185"]
[EventDate "2024.09.01"]
[EventType "swiss"]
[EventRounds "13"]
[EventCountry "DEN"]
[SourceTitle "Live v. Kasper Jerwiarz"]

1. Nf3 Nf6 2. g3 g6 3. Bg2 Bg7 4. O-O O-O 5. d4 d5 6. c4 c6 7. cxd5 cxd5 8. Ne5 e6 9. Nc3 Nfd7 10. Nf3 Nc6 11. Bf4 Qb6 12. Na4 Qa6 13. a3 b5 14. Nc3 Qb6 15. e3 a5 16. Re1 Ba6 17. Rc1 Rac8 18. h4 Rfe8 19. h5 f6 20. hxg6 hxg6 21. e4 Ne7 22. exd5 Nxd5 23. Nxd5 exd5 24. Rxc8 Rxc8 25. Nh4 Nf8 26. Bxd5+ Kh7 27. Nxg6 Kxg6 28. Qg4+ Kh7 29. Qh5+ 1-0

[Event "Lynskak-DM 2024"]
[Site "Helsingor"]
[Date "2024.09.01"]
[Round "8.3"]
[White "Hansen, Sune Berg"]
[Black "Wilbrandt, Simon Pil"]
[Result "1-0"]
[WhiteElo "2561"]
[BlackElo "2107"]
[WhiteFideId "1400266"]
[BlackFideId "1436988"]
[EventDate "2024.09.01"]
[EventType "swiss"]
[EventRounds "13"]
[EventCountry "DEN"]
[SourceTitle "Live v. Kasper Jerwiarz"]

1. Nf3 d5 2. g3 g6 3. d4 Bg7 4. Bg2 c6 5. O-O Nf6 6. c4 O-O 7. Qb3 dxc4 8. Qxc4 Na6 9. a3 Be6 10. Qc2 Bf5 11. Qb3 Qb6 12. Nbd2 Be6 13. Qc2 Rfd8 14. e4 Qa5 15. b3 Qh5 16. Bb2 Nc7 17. Rfe1 Rac8 18. Rac1 Bh3 19. Bh1 Nb5 20. b4 Nc7 21. Qb3 Be6 22. Qa4 Qb5 23. Qxb5 Nxb5 24. Bg2 Ne8 25. e5 Bd5 26. Ne4 b6 27. Ned2 Nec7 28. h4 Ne6 29. Bh3 Nbc7 30. Ng5 a5 31. bxa5 bxa5 32. Bc3 Ra8 33. Nde4 Nxg5 34. Nxg5 h6 35. Ne4 Ne6 36. Nd2 a4 37. f4 Bb3 38. Nf3 Nc7 39. Bd2 Bd5 40. Bg2 Nb5 41. Bb4 e6 42. Bc5 Bf8 43. Re3 Bxc5 44. dxc5 Rab8 45. h5 Kg7 46. hxg6 fxg6 47. Kf2 Bxf3 48. Bxf3 Nd4 49. Rc4 Rb2+ 50. Be2 Rdb8 51. Rxd4 R8b3 52. Rxa4 Rb5 53. Ra7+ Kf8 54. Rd3 Rb8 55. Rdd7 Rc2 56. Rh7 Kg8 57. Rag7+ Kf8 58. Rb7 Rxb7 59. Rxb7 Rxc5 60. Rh7 h5 61. Ra7 Rc3 62. a4 c5 63. a5 Ra3 64. a6 Ra2 65. Ke3 Ra3+ 66. Kd2 c4 67. Bxc4 Rxg3 68. Rb7 Ra3 69. a7 h4 70. Rb8+ 1-0

[Event "Lynskak-DM 2024"]
[Site "Helsingor"]
[Date "2024.09.01"]
[Round "8.4"]
[White "Hector, Jonny"]
[Black "Meskenas, Paulius"]
[Result "1-0"]
[WhiteElo "2403"]
[BlackElo "1998"]
[WhiteFideId "1700090"]
[BlackFideId "12809969"]
[EventDate "2024.09.01"]
[EventType "swiss"]
[EventRounds "13"]
[EventCountry "DEN"]
[SourceTitle "Live v. Kasper Jerwiarz"]

1. e4 e5 2. Nf3 Nc6 3. Nc3 Nf6 4. d4 exd4 5. Nd5 Be7 6. Bc4 O-O 7. O-O Nxe4 8. Re1 Nd6 9. Nxe7+ Nxe7 10. Bg5 Re8 11. Bb3 h6 12. Bxe7 Rxe7 13. Qxd4 Nf5 14. Qd5 d6 15. g4 c6 16. Qd3 Rxe1+ 17. Rxe1 Ne7 18. Qe4 Ng6 19. Qxg6 d5 20. Qh5 Be6 21. Nd4 Qf6 22. Nxe6 fxe6 23. Qe5 Rf8 24. Qxf6 Rxf6 25. c4 Rf4 26. h3 dxc4 27. Bc2 Kf7 28. Re4 Rxe4 29. Bxe4 Kf6 30. Kf1 Ke5 31. Bg6 b5 32. Ke2 a5 33. Ke3 Kd5 34. f4 b4 35. Bf7 a4 36. f5 b3 37. axb3 cxb3 38. Bxe6+ Ke5 39. h4 c5 40. g5 hxg5 41. hxg5 c4 42. Bxc4 Kxf5 43. Kd3 Kxg5 44. Kc3 Kf4 45. Kb4 g5 46. Kxa4 g4 47. Kxb3 g3 48. Bd5 Ke5 49. Bg2 1-0

[Event "Lynskak-DM 2024"]
[Site "Helsingor"]
[Date "2024.09.01"]
[Round "8.5"]
[White "Pedersen, Gunnar"]
[Black "Saugmann, Frederik Chabert"]
[Result "0-1"]
[WhiteElo "2191"]
[BlackElo "1942"]
[WhiteFideId "1407414"]
[BlackFideId "1476122"]
[EventDate "2024.09.01"]
[EventType "swiss"]
[EventRounds "13"]
[EventCountry "DEN"]
[SourceTitle "Live v. Kasper Jerwiarz"]

1. d4 d5 2. c4 c6 3. Nf3 Nf6 4. Nc3 e6 5. Bg5 Nbd7 6. e3 Be7 7. Qc2 O-O 8. O-O-O a6 9. Kb1 b5 10. c5 a5 11. Bd3 a4 12. Ne2 b4 13. Qc1 Ba6 14. Nf4 h6 15. Bxf6 Bxf6 16. Bxa6 Rxa6 17. Nd3 Qa5 18. h4 b3 19. a3 Qc7 20. g4 g6 21. g5 Bg7 22. gxh6 Bxh6 23. h5 Kg7 24. Rdg1 Raa8 25. Nfe5 Nxe5 26. Nxe5 g5 27. f4 f6 28. Ng6 Rf7 29. e4 dxe4 30. fxg5 Bxg5 31. Rxg5 fxg5 32. Qxg5 Kh7 33. Qg4 Rg8 34. Qxe4 Rf5 35. Qxe6 Qf7 36. Qxf7+ Rxf7 37. Ne5 Rf6 38. Kc1 Rg2 39. Rd1 Rc2+ 40. Kb1 Rff2 41. Nd3 Rh2 42. Rc1 Rcd2 43. Rc3 Rd1+ 44. Nc1 Rdd2 45. Nd3 Rh1+ 46. Nc1 Rdd1 47. d5 Rxd5 48. h6 Rd4 49. Re3 Rdd1 50. Rc3 Rd5 51. Rc4 Rdd1 52. Rc3 Kxh6 53. Rc4 Kg6 54. Rc3 Kf6 55. Rc4 Ke5 56. Rc3 Kd4 0-1

[Event "Lynskak-DM 2024"]
[Site "Helsingor"]
[Date "2024.09.01"]
[Round "8.6"]
[White "Hoyer, Jacob K"]
[Black "Jorgensen, Dennis"]
[Result "1-0"]
[WhiteElo "2192"]
[BlackElo "2236"]
[WhiteFideId "1416316"]
[BlackFideId "1408380"]
[EventDate "2024.09.01"]
[EventType "swiss"]
[EventRounds "13"]
[EventCountry "DEN"]
[SourceTitle "Live v. Kasper Jerwiarz"]

1. d4 Nf6 2. c4 e6 3. Nc3 Bb4 4. e3 O-O 5. Bd3 c5 6. Ne2 d5 7. O-O cxd4 8. exd4 dxc4 9. Bxc4 Nc6 10. Bg5 Ne7 11. Bxf6 gxf6 12. Ne4 Ng6 13. Qd3 a6 14. Rad1 b5 15. Bb3 Bb7 16. d5 exd5 17. Bxd5 Bxd5 18. Qxd5 Qe7 19. N2g3 Rad8 20. Qc6 1-0

[Event "Lynskak-DM 2024"]
[Site "Helsingor"]
[Date "2024.09.01"]
[Round "8.7"]
[White "Wehding, Anton Bonsvig"]
[Black "Pedersen, Daniel Vesterbaek"]
[Result "0-1"]
[WhiteElo "1962"]
[BlackElo "2184"]
[WhiteFideId "1463217"]
[BlackFideId "1402161"]
[EventDate "2024.09.01"]
[EventType "swiss"]
[EventRounds "13"]
[EventCountry "DEN"]
[SourceTitle "Live v. Kasper Jerwiarz"]

1. d4 Nf6 2. c4 e6 3. Nf3 d5 4. Nc3 c5 5. cxd5 cxd4 6. Nxd4 Nxd5 7. e3 Be7 8. Bd3 Nxc3 9. bxc3 O-O 10. O-O Nd7 11. a4 Qa5 12. Bd2 Nc5 13. Bc2 Bf6 14. Rb1 e5 15. Rb5 Qc7 16. Nf5 Rd8 17. Qe2 b6 18. a5 Ba6 19. Rxc5 Qxc5 20. Qxa6 Rxd2 21. Be4 Rad8 22. Qxa7 Qxa5 23. Qb7 R2d7 24. Qc6 Qc5 25. Qxc5 bxc5 26. h3 g6 27. Ng3 h5 28. Kh2 Rd1 29. Rxd1 Rxd1 30. c4 Bh4 31. Bd5 Kg7 32. Ne4 f5 33. g3 Be7 34. Nc3 Rd2 35. Kg2 e4 36. Nb5 Rb2 37. Nc7 Kf6 38. Ne8+ Ke5 39. Nc7 Bg5 40. Ne6 Bxe3 41. Nf8 Rxf2+ 42. Kh1 Kd4 43. Nxg6 Bg5 44. Nf8 Bf6 45. Ne6+ Ke3 46. Nxc5 Kf3 47. Ne6 Kxg3 48. h4 Rf1# 0-1

[Event "Lynskak-DM 2024"]
[Site "Helsingor"]
[Date "2024.09.01"]
[Round "8.8"]
[White "Christensen, Janus"]
[Black "Falkesgaard, Jeppe Hald"]
[Result "0-1"]
[WhiteElo "2143"]
[BlackElo "2194"]
[WhiteFideId "1408402"]
[BlackFideId "1464981"]
[EventDate "2024.09.01"]
[EventType "swiss"]
[EventRounds "13"]
[EventCountry "DEN"]
[SourceTitle "Live v. Kasper Jerwiarz"]

1. e4 c5 2. Nf3 Nc6 3. d4 cxd4 4. Nxd4 e5 5. Nb5 d6 6. c4 Be6 7. N1c3 a6 8. Na3 g6 9. Be3 Nf6 10. Be2 Bg7 11. O-O O-O 12. Qd2 Nd4 13. Bxd4 exd4 14. Qxd4 Nd5 15. Qd2 Nxc3 16. bxc3 Qa5 17. Qxd6 Bxc3 18. Rab1 Rad8 19. Qe7 Rfe8 20. Qxb7 Qxa3 21. Rb3 Qa5 22. Rc1 Be5 23. Rd3 Rxd3 24. Bxd3 Qd2 25. Qb1 Rb8 26. Qc2 Qxc2 27. Bxc2 Bxc4 28. a4 Be6 29. Bd3 Rb4 30. Bxa6 Rxa4 31. Bb7 Rb4 32. Bc6 Rb2 33. h3 Bd4 34. Rf1 Bc4 35. Rd1 Bxf2+ 36. Kh2 Bb6 37. Rd7 Be6 38. Rb7 Bd4 39. Re7 Be5+ 40. Kg1 Bg3 41. Rb7 Bb3 42. Bb5 Bc4 43. Ba6 Rxb7 44. Bxb7 Kg7 45. Bc6 Kf6 46. Be8 Ke5 47. Bc6 Bd3 48. Bd5 f6 49. Bg8 h6 0-1

[Event "Lynskak-DM 2024"]
[Site "Helsingor"]
[Date "2024.09.01"]
[Round "8.9"]
[White "Nilssen, Ellen Fredericia"]
[Black "Eriksson, Christian Altenburg"]
[Result "1-0"]
[WhiteElo "2092"]
[BlackElo "2075"]
[WhiteFideId "1441230"]
[BlackFideId "1412159"]
[EventDate "2024.09.01"]
[EventType "swiss"]
[EventRounds "13"]
[EventCountry "DEN"]
[SourceTitle "Live v. Kasper Jerwiarz"]

1. d4 Nf6 2. c4 e6 3. Nc3 Bb4 4. e3 O-O 5. Bd2 d6 6. Nf3 Qe7 7. a3 Bxc3 8. Bxc3 Nc6 9. Be2 e5 10. dxe5 dxe5 11. Qc2 Re8 12. O-O Bg4 13. h3 Bh5 14. b4 e4 15. Nd4 Nxd4 16. Bxd4 Bg6 17. Qb2 b6 18. c5 Rad8 19. Rac1 Bf5 20. Rfd1 Qe6 21. Bc4 Qe7 22. Rd2 bxc5 23. Bxc5 Rxd2 24. Qxd2 Qd7 25. Qxd7 Nxd7 26. Bxa7 Ra8 27. Bd4 Rxa3 28. Bb5 Nf6 29. Rxc7 h5 30. Bc4 Be6 31. Bxe6 fxe6 32. b5 Rb3 33. b6 Nd5 34. Rxg7+ Kf8 35. b7 Ne7 36. Bf6 Rxb7 37. Rxe7 Rxe7 38. Bxe7+ Kxe7 39. Kh2 Kf6 40. Kg3 Kg5 41. f3 exf3 42. Kxf3 Kf5 43. g4+ hxg4+ 44. hxg4+ Kg5 45. Kg3 e5 46. e4 Kf6 47. Kh4 Kg6 48. g5 Kg7 49. Kh5 Kh7 50. g6+ Kg7 51. Kg5 Kg8 52. Kf6 Kf8 53. Kxe5 1-0

[Event "Lynskak-DM 2024"]
[Site "Helsingor"]
[Date "2024.09.01"]
[Round "8.10"]
[White "Larsen, Karsten"]
[Black "Le Besq, Alexander"]
[Result "0-1"]
[WhiteElo "2181"]
[BlackElo "2174"]
[WhiteFideId "1404288"]
[BlackFideId "1437089"]
[EventDate "2024.09.01"]
[EventType "swiss"]
[EventRounds "13"]
[EventCountry "DEN"]
[SourceTitle "Live v. Kasper Jerwiarz"]

1. e4 e5 2. Nf3 Nc6 3. Bb5 a6 4. Ba4 Nf6 5. Qe2 b5 6. Bb3 Bc5 7. c3 Bb6 8. d3 O-O 9. Bg5 d6 10. Nbd2 Bb7 11. Nf1 a5 12. Ne3 Ne7 13. Bxf6 gxf6 14. Nh4 a4 15. Bc2 Bc8 16. Qh5 Bxe3 17. fxe3 Ng6 18. O-O Ra6 19. Rf2 d5 20. exd5 Qxd5 21. d4 Rd8 22. a3 exd4 23. Qxd5 Rxd5 24. Nxg6 fxg6 25. exd4 Kg7 26. Re1 Re6 27. Rfe2 Rdd6 28. Kf2 f5 29. Re5 c6 30. Bb1 Rxe5 31. Rxe5 Re6 32. Rc5 Bd7 33. Ba2 Rd6 34. Re5 Kf6 35. Ke3 Be6 36. Bb1 Bd5 37. g3 Rd8 38. Kf2 h5 39. h4 Rc8 40. Ke3 Rd8 41. Kf4 Rg8 42. Bd3 Rb8 43. Bf1 Rd8 44. Be2 Rd6 45. Bd3 Rd8 46. Be2 Rc8 47. Bf3 Bxf3 48. Kxf3 Rc7 49. Kf4 Rd7 50. Rc5 Rd6 51. d5 cxd5 52. Rxb5 d4 53. cxd4 Rxd4+ 54. Ke3 Rg4 55. Kf3 Ke6 56. Rb4 Rxb4 57. axb4 Kd5 58. Kf4 Kc4 59. Kg5 Kxb4 60. Kxg6 Kb3 61. Kxf5 Kxb2 62. g4 a3 63. gxh5 a2 64. h6 a1=Q 65. h7 Kb3 66. Kg6 Qh8 0-1

[Event "Lynskak-DM 2024"]
[Site "Helsingor"]
[Date "2024.09.01"]
[Round "9.1"]
[White "Bjerre, Jonas Buhl"]
[Black "Hector, Jonny"]
[Result "1/2-1/2"]
[WhiteElo "2497"]
[BlackElo "2403"]
[WhiteFideId "1444948"]
[BlackFideId "1700090"]
[EventDate "2024.09.01"]
[EventType "swiss"]
[EventRounds "13"]
[EventCountry "DEN"]
[SourceTitle "Live v. Kasper Jerwiarz"]

1. e4 e5 2. Nf3 Nc6 3. Bb5 f5 4. d3 fxe4 5. dxe4 Nf6 6. O-O d6 7. Bc4 Bg4 8. h3 Bh5 9. Qd3 Qd7 10. a3 O-O-O 11. Nc3 Kb8 12. b4 Bxf3 13. Qxf3 Nd4 14. Qd3 c6 15. Be3 d5 16. Ba2 dxe4 17. Nxe4 Nxe4 18. Qxe4 Qf5 19. Qxf5 Nxf5 20. Bg5 Be7 21. Bxe7 Nxe7 22. Rae1 Ng6 23. g3 Rd2 24. Bb3 Rf8 25. Re3 Kc7 26. h4 Kd6 27. Kg2 Ne7 28. Rf3 Nf5 29. Re1 g6 30. h5 Re8 31. hxg6 hxg6 32. Re4 Nd4 33. Rf6+ Kd7 34. Rf7+ Kd6 35. Rg4 Nxb3 36. cxb3 Re6 37. Rg7 Rf6 38. R4xg6 Rxf2+ 39. Kg1 Rf1+ 40. Kg2 Rf2+ 41. Kg1 Rf1+ 42. Kg2 Rf2+ 1/2-1/2

[Event "Lynskak-DM 2024"]
[Site "Helsingor"]
[Date "2024.09.01"]
[Round "9.2"]
[White "Saugmann, Frederik Chabert"]
[Black "Thybo, Jesper Sondergaard"]
[Result "1-0"]
[WhiteElo "1942"]
[BlackElo "2380"]
[WhiteFideId "1476122"]
[BlackFideId "1438832"]
[EventDate "2024.09.01"]
[EventType "swiss"]
[EventRounds "13"]
[EventCountry "DEN"]
[SourceTitle "Live v. Kasper Jerwiarz"]

1. d4 Nf6 2. c4 e6 3. Nf3 d5 4. Nc3 Nbd7 5. Bg5 h6 6. Bh4 c6 7. e3 g5 8. Bg3 Nh5 9. Be5 Nxe5 10. Nxe5 Nf6 11. Bd3 Bg7 12. O-O Nd7 13. f4 gxf4 14. exf4 dxc4 15. Bxc4 Nb6 16. Bb3 Nd5 17. Nxd5 exd5 18. f5 Qg5 19. Qf3 Qf6 20. Rae1 O-O 21. Kh1 Kh8 22. Bc2 Rg8 23. Qh5 Rf8 24. g4 c5 25. Rg1 Qg5 26. Nxf7+ Rxf7 27. Qxf7 Qf6 28. Re8+ 1-0

[Event "Lynskak-DM 2024"]
[Site "Helsingor"]
[Date "2024.09.01"]
[Round "9.3"]
[White "Pedersen, Daniel Vesterbaek"]
[Black "Hansen, Sune Berg"]
[Result "1/2-1/2"]
[WhiteElo "2184"]
[BlackElo "2561"]
[WhiteFideId "1402161"]
[BlackFideId "1400266"]
[EventDate "2024.09.01"]
[EventType "swiss"]
[EventRounds "13"]
[EventCountry "DEN"]
[SourceTitle "Live v. Kasper Jerwiarz"]

1. e4 Nf6 2. e5 Nd5 3. d4 d6 4. Nf3 dxe5 5. Nxe5 c6 6. Bc4 Nd7 7. O-O g6 8. Re1 Bg7 9. Nf3 N7b6 10. Bb3 Bg4 11. c3 O-O 12. h3 Bxf3 13. Qxf3 a5 14. a4 e6 15. Nd2 Nf6 16. Nf1 Nbd5 17. Bg5 h6 18. Bh4 g5 19. Bg3 Qb6 20. Nd2 Rad8 21. Qd1 Qa6 22. Nc4 Nb6 23. Ne5 Nbd5 24. Nc4 Nb6 25. Ne5 Nbd5 26. Nc4 Nb6 27. Ne5 1/2-1/2

[Event "Lynskak-DM 2024"]
[Site "Helsingor"]
[Date "2024.09.01"]
[Round "9.4"]
[White "Jepson, Christian"]
[Black "Jacobsen, Mikkel Manosri"]
[Result "1-0"]
[WhiteElo "2356"]
[BlackElo "2228"]
[WhiteFideId "1701185"]
[BlackFideId "1444514"]
[EventDate "2024.09.01"]
[EventType "swiss"]
[EventRounds "13"]
[EventCountry "DEN"]
[SourceTitle "Live v. Kasper Jerwiarz"]

1. Nf3 c5 2. c4 g6 3. e4 Bg7 4. d4 cxd4 5. Nxd4 Nf6 6. Nc3 O-O 7. Be2 b6 8. e5 Ne8 9. Bf3 Nc7 10. Bf4 Nba6 11. Bxa8 Nxa8 12. O-O Bb7 13. Qe2 N8c7 14. Rad1 Qa8 15. f3 Nc5 16. Qe3 Rc8 17. Bg5 Re8 18. Bh6 Bh8 19. Rf2 a6 20. h4 Qc8 21. h5 N7e6 22. b3 Nxd4 23. Rxd4 d6 24. exd6 exd6 25. Qd2 Bxd4 26. Qxd4 Ne6 27. Qxb6 g5 28. Qxd6 Rd8 29. Qe5 Qd7 30. Bxg5 Nxg5 31. Qxg5+ Kf8 32. Qh6+ Kg8 33. Qg5+ Kf8 34. h6 Qd4 35. Nd5 Re8 36. Qg7+ Qxg7 37. hxg7+ Kxg7 38. Kf1 Re5 39. Re2 Rh5 40. Nf4 Rh1+ 41. Kf2 Rc1 42. Kg3 Bc6 43. Kg4 a5 44. Re5 a4 45. Ra5 axb3 46. axb3 Rb1 47. Nh5+ Kf8 48. Ra3 Ke7 49. Kf4 Rb2 50. Kg3 Kd6 51. Nf6 Ke5 52. Nxh7 Bd7 53. Ra7 Be6 54. Ng5 Bf5 55. Ra5+ Kf6 56. Ne4+ Kg6 57. Ra6+ Kg7 58. Rb6 Re2 59. Kf4 Be6 60. g4 Rb2 61. c5 Bd5 62. c6 Rc2 63. Ke5 Bxc6 64. b4 Ba8 65. Rb8 Bc6 66. g5 Ba4 67. b5 Rb2 68. b6 Bc6 69. Kd6 Bxe4 70. fxe4 Kg6 71. Rg8+ Kh5 72. Kc7 Kg4 73. Rg7 Kf4 74. Rxf7+ Kxe4 75. g6 Kd5 1-0

[Event "Lynskak-DM 2024"]
[Site "Helsingor"]
[Date "2024.09.01"]
[Round "9.5"]
[White "Falkesgaard, Jeppe Hald"]
[Black "Hoyer, Jacob K"]
[Result "1-0"]
[WhiteElo "2194"]
[BlackElo "2192"]
[WhiteFideId "1464981"]
[BlackFideId "1416316"]
[EventDate "2024.09.01"]
[EventType "swiss"]
[EventRounds "13"]
[EventCountry "DEN"]
[SourceTitle "Live v. Kasper Jerwiarz"]

1. c4 Nf6 2. g3 g6 3. Bg2 d5 4. cxd5 Nxd5 5. Nc3 Nxc3 6. bxc3 Bg7 7. Nf3 O-O 8. O-O c6 9. e4 e5 10. Rb1 Nd7 11. a4 Nc5 12. Ba3 Qa5 13. Bb4 Qb6 14. d4 exd4 15. cxd4 1-0

[Event "Lynskak-DM 2024"]
[Site "Helsingor"]
[Date "2024.09.01"]
[Round "9.6"]
[White "Wilbrandt, Simon Pil"]
[Black "Pedersen, Gunnar"]
[Result "1-0"]
[WhiteElo "2107"]
[BlackElo "2191"]
[WhiteFideId "1436988"]
[BlackFideId "1407414"]
[EventDate "2024.09.01"]
[EventType "swiss"]
[EventRounds "13"]
[EventCountry "DEN"]
[SourceTitle "Live v. Kasper Jerwiarz"]

1. d4 d5 2. c4 e6 3. Nc3 c5 4. cxd5 exd5 5. Nf3 Nc6 6. dxc5 d4 7. Na4 b5 8. cxb6 axb6 9. b3 b5 10. Nb2 Nf6 11. e3 Bb4+ 12. Bd2 dxe3 13. fxe3 O-O 14. Bxb5 Bxd2+ 15. Qxd2 Qb6 16. Bxc6 Qxc6 17. O-O Bb7 18. Nc4 Rad8 19. Qb2 Ng4 20. h3 Nh6 21. Rad1 Nf5 22. Rxd8 Rxd8 23. Nd4 Nxd4 24. exd4 Rxd4 25. Qf2 Rf4 26. Qd2 Rxf1+ 27. Kxf1 Qf6+ 28. Kg1 g6 29. Qf2 Qe6 30. Qg3 Qe4 31. a4 Qb1+ 32. Kh2 Qe4 33. Nd6 Qd5 34. Nxb7 Qxb7 35. a5 Qb5 36. Qc3 h5 37. b4 h4 38. Qe1 Qb8+ 39. Kg1 Qa7+ 40. Kh1 g5 1-0

[Event "Lynskak-DM 2024"]
[Site "Helsingor"]
[Date "2024.09.01"]
[Round "9.7"]
[White "Meskenas, Paulius"]
[Black "Nilssen, Ellen Fredericia"]
[Result "1/2-1/2"]
[WhiteElo "1998"]
[BlackElo "2092"]
[WhiteFideId "12809969"]
[BlackFideId "1441230"]
[EventDate "2024.09.01"]
[EventType "swiss"]
[EventRounds "13"]
[EventCountry "DEN"]
[SourceTitle "Live v. Kasper Jerwiarz"]

1. e4 e6 2. d4 d5 3. e5 c5 4. c3 Nc6 5. Nf3 Bd7 6. Bd3 Rc8 7. O-O cxd4 8. cxd4 Nb4 9. Nc3 Nxd3 10. Qxd3 Ne7 11. Nb5 Bxb5 12. Qxb5+ Qd7 13. Qd3 Nc6 14. a3 Na5 15. Bd2 Nc4 16. Bc3 Be7 17. b3 Nxa3 18. Bd2 Qb5 19. Ne1 Qxd3 20. Nxd3 a6 21. Nc5 Nc2 22. Ra2 Nxd4 23. Nxb7 O-O 24. Nd6 Rc6 25. Be3 Nxb3 26. Rb1 d4 27. Rxb3 dxe3 28. fxe3 Bxd6 29. exd6 Rxd6 30. Rb7 h5 31. Rc2 Rd3 32. Kf2 g6 33. Ra7 Ra3 34. Rcc7 Kg7 35. Kf3 Kf6 36. h4 Ra5 37. g3 Ra1 38. Rcb7 a5 39. Rb5 a4 40. Rba5 Rd8 41. Rxa4 Rxa4 42. Rxa4 Rd5 43. Ra7 Rb5 44. Rc7 Kg7 45. Ra7 g5 46. hxg5 Rxg5 47. Rb7 Kg6 48. Ra7 Rb5 49. Ra8 Kf6 50. Rh8 Rf5+ 51. Kg2 Ke5 52. Ra8 Ke4 53. Ra3 Rd5 54. Ra7 f5 55. Ra6 e5 56. Rh6 Kxe3 57. Rxh5 Rd2+ 58. Kg1 Ke4 59. Kf1 Ra2 60. Kg1 f4 61. gxf4 exf4 62. Rh3 f3 63. Rh8 Ra1+ 64. Kf2 Ra2+ 65. Kf1 Ra1+ 66. Kf2 Ra2+ 67. Kf1 Ra5 68. Re8+ Kf4 69. Rf8+ Rf5 70. Rxf5+ Kxf5 71. Kf2 Kf4 72. Kf1 Ke3 73. Ke1 f2+ 74. Kf1 Kd3 75. Kxf2 1/2-1/2

[Event "Lynskak-DM 2024"]
[Site "Helsingor"]
[Date "2024.09.01"]
[Round "9.8"]
[White "Jorgensen, Dennis"]
[Black "Hansen, Jacob Ost"]
[Result "1-0"]
[WhiteElo "2236"]
[BlackElo "2318"]
[WhiteFideId "1408380"]
[BlackFideId "1400096"]
[EventDate "2024.09.01"]
[EventType "swiss"]
[EventRounds "13"]
[EventCountry "DEN"]
[SourceTitle "Live v. Kasper Jerwiarz"]

1. d4 Nf6 2. Nf3 g6 3. g3 Bg7 4. Bg2 O-O 5. O-O d6 6. c4 Nbd7 7. Nc3 e5 8. dxe5 dxe5 9. Qc2 Re8 10. Rd1 h6 11. e4 c6 12. h3 Bf8 13. Be3 Qc7 14. a3 a5 15. Na4 b6 16. Rac1 Nc5 17. Nxc5 bxc5 18. a4 Rb8 19. b3 Kh7 20. Ne1 Nd7 21. Nd3 Qb6 22. Rb1 Rd8 23. h4 Be7 24. h5 g5 25. Bh3 f6 26. Bf5+ Kg7 27. Qe2 Nf8 28. Qg4 Bxf5 29. Qxf5 Rd7 30. f4 Rbd8 31. fxg5 Rxd3 32. gxh6+ Kf7 33. Rxd3 Rxd3 34. h7 Kg7 35. Bh6+ Kh8 36. Bxf8 Bxf8 37. Qxf6+ Bg7 38. Qf7 Qd8 39. Rf1 Rd7 40. Qf5 Qe7 41. Qg6 Rc7 1-0

[Event "Lynskak-DM 2024"]
[Site "Helsingor"]
[Date "2024.09.01"]
[Round "9.9"]
[White "Le Besq, Alexander"]
[Black "Kushyk, Denys"]
[Result "1-0"]
[WhiteElo "2174"]
[BlackElo "1850"]
[WhiteFideId "1437089"]
[BlackFideId "34149066"]
[EventDate "2024.09.01"]
[EventType "swiss"]
[EventRounds "13"]
[EventCountry "DEN"]
[SourceTitle "Live v. Kasper Jerwiarz"]

1. e4 c5 2. Nf3 d6 3. d4 cxd4 4. Nxd4 Nf6 5. f3 e5 6. Nb3 Be7 7. c4 Be6 8. Nc3 h6 9. Be3 Nc6 10. Be2 O-O 11. O-O Rc8 12. Nd5 Re8 13. Rc1 Qd7 14. Qd2 b6 15. Na1 Bxd5 16. cxd5 Na5 17. b4 Nb7 18. Ba6 Rxc1 19. Rxc1 Rc8 20. Nc2 Ne8 21. Na3 Nc7 22. Bxb7 Rb8 23. Bc6 Qd8 24. Nb5 Nxb5 25. Bxb5 Bg5 26. Bxg5 hxg5 27. Qc3 Ra8 28. Qc7 Qf8 29. Bd7 g6 30. Qb7 a5 31. b5 Rb8 32. Qc7 Kg7 33. Rc6 Kh6 34. Qxd6 Qg7 35. Qxb8 1-0

[Event "Lynskak-DM 2024"]
[Site "Helsingor"]
[Date "2024.09.01"]
[Round "9.10"]
[White "Larsen, Ole"]
[Black "Wehding, Anton Bonsvig"]
[Result "1-0"]
[WhiteElo "2174"]
[BlackElo "1962"]
[WhiteFideId "1402188"]
[BlackFideId "1463217"]
[EventDate "2024.09.01"]
[EventType "swiss"]
[EventRounds "13"]
[EventCountry "DEN"]
[SourceTitle "Live v. Kasper Jerwiarz"]

1. e4 c5 2. Nf3 Nc6 3. d4 cxd4 4. Nxd4 Nf6 5. Nc3 e5 6. Ndb5 d6 7. Bg5 a6 8. Bxf6 gxf6 9. Na3 Bg7 10. Nc4 Bf8 11. Bd3 b5 12. Ne3 Bg7 13. O-O O-O 14. a4 b4 15. Ncd5 a5 16. c3 Ne7 17. cxb4 Nxd5 18. Nxd5 axb4 19. Nxb4 Qb6 20. Qd2 Be6 21. Bb5 f5 22. exf5 Bxf5 23. Nd5 Qa7 24. Qe3 Be6 25. Bc6 Bxd5 26. Bxd5 Qxe3 27. fxe3 Ra5 28. e4 Bh6 29. b4 Ra7 30. Rf3 Kg7 31. a5 f5 32. exf5 Kf6 33. b5 Rb8 34. Rb3 Kxf5 35. b6 Be3+ 36. Rxe3 Rxb6 37. axb6 Rxa1+ 38. Kf2 Ra2+ 1-0